Prefix Click Quiz: U - Statistics

General Stats
  • This quiz has been taken 116 times
  • The average score is 8 of 15
Answer Stats
Hint Answer % Correct
One Un-
85%
Navel Umbilic-
83%
Shade Umbr-
83%
City Urb-
83%
Bear Urs-
79%
11 Undecim-
61%
Beyond Ultra-
59%
Furthest Ultim-
55%
Grape Uv-
45%
Wife Uxor-
42%
Fruitful Uber-
32%
Work Urg-
31%
Sky Uran-
30%
12 Unci-
28%
Wave Und-
28%
No matching quizzes found
Score Distribution
Percent of People with Each Score
Percentile by Number Answered
Your Score History
You have not taken this quiz